000 01522nam a2200385 i 4500
001 38608
003 FINmELB
005 20241216221608.0
006 m o u
007 cr cn|||||||||
008 240922s2020 ck ob 000 0 spa d
020 _z9789585234673
020 _a9789585234680
_q(e-book)
035 _a(OCoLC)1456878350
040 _aFINmELB
_bspa
_erda
_cFINmELB
050 1 4 _aK258
_bC172 2020
080 _a340.13
082 0 4 _a340.1
_223
100 1 _aCamacho Castro, Jose Miguel,
_eautor.
245 1 3 _aLa obediencia del derecho :
_bescritos descriptivos y normativos /
_cJosé Miguel Camacho Castro.
264 1 _aArmenia, Colombia :
_bCorporación Universitaria Empresarial Alexander von Humboldt,
_c2020.
300 _a1 recurso en línea (76 páginas)
336 _atexto
_btxt
_2rdamedia/spa
337 _acomputadora
_bc
_2rdamedia/spa
338 _arecurso en línea
_bcr
_2rdacarrier/spa
490 1 _aCiencias sociales y jurídicas. Derecho
504 _aContiene bibliografía.
588 _aDescripción basada en metadatos suministrados por el editor y otras fuentes.
590 _aRecurso electrónico. Santa Fe, Arg.: elibro, 2024. Disponible vía World Wide Web. El acceso puede estar limitado para las bibliotecas afiliadas a elibro.
650 4 _aObediencia (Derecho)
655 4 _aLibros electrónicos.
797 2 _aelibro, Corp.
830 0 _aCiencias sociales y jurídicas. Derecho.
856 4 0 _uhttps://elibro.net/ereader/politecnicointernacional/272201
999 _c38608
_d38608